[Event "Jakarta op"]
[Site "Jakarta"]
[Date "2024.01.20"]
[Round "3"]
[White "Mariano, Fabian Glen"]
[Black "Muliadi, Widjaja"]
[Result "1-0"]
[WhiteElo "1987"]
[BlackElo "1777"]
[PlyCount "43"]
[EventDate "2024.01.19"]
[EventType "swiss"]
[EventRounds "7"]
[EventCountry "INA"]
[SourceTitle "CB06_2024"]
[SourceDate "2024.02.07"]
[SourceVersion "1"]
[SourceVersionDate "2024.02.07"]
[SourceQuality "1"]

1. e4 d6 2. d4 Nf6 3. Nc3 c6 4. Be3 Qa5 5. f3 e5 6. Bc4 b5 7. Bb3 Nfd7 8. Nge2 Be7 9. 0-0 0-0 10. a3 exd4 11. Nxd4 Nc5 12. Ba2 b4 13. Nb3 Nxb3 14. axb4 Qxb4 15. Bxb3 Ba6 16. Re1 Qb7 17. Qd2 Nd7 18. Nd5 Bd8 19. Nf4 Nc5 20. Ba2 Qe7 21. b4 Ne6 22. Bxe6 1-0

[Event "Jakarta op"]
[Site "Jakarta"]
[Date "2024.01.20"]
[Round "5"]
[White "Mariano, Fabian Glen"]
[Black "Najibi, Achmad Labib"]
[Result "1-0"]
[WhiteElo "1987"]
[BlackElo "1889"]
[PlyCount "109"]
[EventDate "2024.01.19"]
[EventType "swiss"]
[EventRounds "7"]
[EventCountry "INA"]
[SourceTitle "CB06_2024"]
[SourceDate "2024.02.07"]
[SourceVersion "1"]
[SourceVersionDate "2024.02.07"]
[SourceQuality "1"]

1. e4 d6 2. d4 e5 3. dxe5 dxe5 4. Qxd8+ Kxd8 5. Bc4 f6 6. Be3 Nd7 7. Nc3 c6 8. 0-0-0 Kc7 9. f4 Bd6 10. f5 b6 11. Nge2 a5 12. a3 Ne7 13. Ng3 h5 14. h4 g6 15. fxg6 Nxg6 16. Nf5 Bc5 17. g3 Bxe3+ 18. Nxe3 Ba6 19. Bxa6 Rxa6 20. Nf5 Rh7 21. Rd6 Ra8 22. Rhd1 Ngf8 23. b3 Re8 24. Kb2 Ne6 25. R6d2 Rg8 26. b4 axb4 27. axb4 b5 28. Ra1 Kb7 29. Nd6+ Kb6 30. Ndxb5 Rxg3 31. Rd6 Nc7 32. Na3 Kb7 33. Nc4 Rxc3 34. Kxc3 Nb5+ 35. Kb3 Nxd6 36. Nxd6+ Kb8 37. Rg1 Kc7 38. Nf5 Nf8 39. c3 Rf7 40. Rg8 Ne6 41. Ra8 Kb6 42. Rh8 Nf4 43. Rh6 Kc7 44. Kc2 Kd7 45. Rh8 Ke6 46. Re8+ Kd7 47. Ra8 Ne6 48. Rh8 Nf4 49. c4 c5 50. b5 Kc7 51. Ra8 Kb7 52. Ra6 Rf8 53. Rc6 Rb8 54. Rxc5 Ng2 55. Kb3 1-0

[Event "Eastern Asia-ch U20"]
[Site "Kota Kinabalu"]
[Date "2023.12.05"]
[Round "5"]
[White "Mariano, Fabian Glen"]
[Black "Hiew, Jing Yung"]
[Result "1/2-1/2"]
[WhiteElo "1959"]
[BlackElo "1591"]
[PlyCount "133"]
[EventDate "2023.12.02"]
[EventType "swiss"]
[EventRounds "9"]
[EventCountry "MAS"]
[SourceTitle "CB50_2023"]
[SourceDate "2023.12.13"]
[SourceVersion "1"]
[SourceVersionDate "2023.12.13"]
[SourceQuality "1"]

1. e4 c5 2. Nf3 Nc6 3. d4 cxd4 4. Nxd4 Nf6 5. Nc3 e5 6. Ndb5 d6 7. Bg5 a6 8. Na3 b5 9. Nd5 Be7 10. Bxf6 Bxf6 11. c3 Bg5 12. Nc2 Rb8 13. a4 bxa4 14. Ncb4 Bd7 15. Bxa6 Nxb4 16. cxb4 0-0 17. 0-0 Bc6 18. b5 Bxb5 19. Bxb5 Rxb5 20. Rxa4 Rxb2 21. Qg4 Bh6 22. g3 Rb7 23. Ra6 Qc8 24. Qh4 Qd8 25. Qh5 Qg5 26. Qxg5 Bxg5 27. Rxd6 Rfb8 28. Kg2 Be7 29. Rc6 Bf8 30. Rfc1 f6 31. g4 Rb2 32. g5 fxg5 33. Re6 Ba3 34. Rc3 R2b3 35. Rxb3 Rxb3 36. Rxe5 h6 37. Ne3 Kf7 38. h3 Bd6 39. Ra5 Ke6 40. Ra6 Rd3 41. Kf3 Rc3 42. Kg2 Kd7 43. Nf5 Be5 44. Rg6 Rc6 45. Rxc6 Kxc6 46. Kf3 Kc5 47. Kg4 Kc4 48. Ne7 Bd6 49. Nf5 Be5 50. Ne7 Bd6 51. Ng6 Bc5 52. f3 Kd4 53. e5 Kd5 54. Kf5 Bb4 55. e6 Kd6 56. Ne5 Bc3 57. Nc4+ Ke7 58. Ne3 Bb2 59. Nd5+ Ke8 60. Kg6 Be5 61. Ne3 Ke7 62. Nf5+ Kxe6 63. Nxg7+ Bxg7 64. Kxg7 Kf5 65. Kxh6 Kf6 66. Kh7 Kf7 67. Kh8 1/2-1/2

[Event "Eastern Asia-ch U20"]
[Site "Kota Kinabalu"]
[Date "2023.12.05"]
[Round "6"]
[White "Romualdez, Danry Seth"]
[Black "Mariano, Fabian Glen"]
[Result "0-1"]
[WhiteElo "1189"]
[BlackElo "1959"]
[PlyCount "96"]
[EventDate "2023.12.02"]
[EventType "swiss"]
[EventRounds "9"]
[EventCountry "MAS"]
[SourceTitle "CB50_2023"]
[SourceDate "2023.12.13"]
[SourceVersion "1"]
[SourceVersionDate "2023.12.13"]
[SourceQuality "1"]

1. d4 Nf6 2. Bf4 d5 3. e3 g6 4. Nf3 Bg7 5. Nbd2 0-0 6. Be2 c5 7. c3 Nc6 8. 0-0 Nd7 9. Qc2 e5 10. dxe5 Ndxe5 11. Nxe5 Nxe5 12. Rad1 Be6 13. Nf3 Nc6 14. Rd2 Qb6 15. Ng5 Bf5 16. Bd3 h6 17. Nf3 Be6 18. Rfd1 Rfd8 19. Qa4 a6 20. h3 Qa7 21. Rc1 Rac8 22. Qd1 b5 23. Bb1 Qb6 24. Qe2 b4 25. cxb4 Qxb4 26. a3 Qb6 27. Ba2 c4 28. Rcd1 Re8 29. Rb1 Bf5 30. Rc1 Bd3 31. Rxd3 cxd3 32. Qxd3 Qxb2 33. Rc2 Nb4 34. Rxc8 Rxc8 35. axb4 Qxa2 36. Bg3 Qc4 37. Qxc4 dxc4 38. Be5 Bxe5 39. Nxe5 c3 40. Nd3 c2 41. Nc1 Rd8 42. Nb3 Rd3 43. Nc1 Rd1+ 44. Kh2 Rxc1 45. e4 Rb1 46. e5 c1Q 47. e6 Qf4+ 48. g3 Qxf2# 0-1

[Event "Bekasi Percasi op 1st"]
[Site "Bekasi"]
[Date "2023.11.04"]
[Round "6"]
[White "Surya, Wahyu"]
[Black "Mariano, Fabian Glen"]
[Result "1-0"]
[WhiteElo "2145"]
[BlackElo "1809"]
[PlyCount "113"]
[EventDate "2023.11.01"]
[EventType "swiss"]
[EventRounds "9"]
[EventCountry "INA"]
[SourceTitle "CB46_2023"]
[SourceDate "2023.11.15"]
[SourceVersion "1"]
[SourceVersionDate "2023.11.15"]
[SourceQuality "1"]

1. Nf3 Nf6 2. g3 c5 3. Bg2 g6 4. 0-0 Bg7 5. c4 0-0 6. d4 cxd4 7. Nxd4 Nc6 8. Nc3 d6 9. b3 Nxd4 10. Qxd4 Nd7 11. Qd2 Rb8 12. Bb2 a6 13. Nd5 Bxb2 14. Qxb2 b5 15. Nb4 Bb7 16. Bxb7 Rxb7 17. Nc6 Qe8 18. Rac1 Nc5 19. cxb5 Rxb5 20. Nd4 Rb6 21. Qd2 Qa8 22. f3 a5 23. Rc4 Rc8 24. Rfc1 e5 25. Nc2 d5 26. Rh4 Rbc6 27. Rd1 Qa7 28. Qe3 d4 29. Qxe5 d3 30. exd3 Re6 31. Qd4 Qe7 32. Qc3 Re8 33. Rc4 Nd7 34. Re4 Ne5 35. Nd4 f5 36. Re3 Rd6 37. Rde1 Qf6 38. Kg2 Red8 39. Nxf5 Qxf5 40. Rxe5 Rxd3 41. Rxf5 Rxc3 42. Rxa5 Rd2+ 43. Kh3 Rcc2 44. a4 Rxh2+ 45. Kg4 Rc7 46. Re6 Kg7 47. Rea6 Rc3 48. Ra7+ Kf6 49. R5a6+ Ke5 50. Re7+ Kd5 51. Rd7+ Kc5 52. Rc7+ Kd4 53. Rd6+ Ke5 54. Rxc3 Kxd6 55. b4 Kd5 56. a5 Rb2 57. Rc5+ 1-0